Footballers By Picture #1 - Statistics

General Stats
  • This quiz has been taken 3,397 times
    3,376 since last reset
  • The average score is 14 of 16
Answer Stats
Picture Answer % Correct
Luka Modrić
98%
Mo Salah
97%
Zlatan Ibrahimovic
95%
Harry Kane
94%
Luis Suarez
92%
Romelu Lukaku
92%
Gerard Pique
88%
N'Golo Kanté
88%
Thomas Muller
88%
Thibaut Courtois
84%
Bernardo Silva
82%
Paulo Dybala
82%
Thiago Silva
82%
Giorgio Chiellini
78%
Arturo Vidal
77%
Dani Alves
74%
No matching quizzes found
Score Distribution
Percent of People with Each Score
Percentile by Number Answered
Your Score History
You have not taken this quiz since the last reset